| 000 | 00368nam a2200157Ia 4500 | ||
|---|---|---|---|
| 100 | _aMorris/ N.M | ||
| 650 | _aElectrical Engineering | ||
| 942 | _cBK | ||
| 654 | _aElectrical Circuits And System | ||
| 245 | _aElectrical Circuits And System | ||
| 260 |
_bMac Millian _aLondon _c1982 |
||
| 082 |
_a621.3 _bMor |
||
| 300 | _a292 | ||
| 546 | _aENGLISH | ||
| 999 |
_c21175 _d21175 |
||